International marketing

Na minha lista:
Detalhes bibliográficos
Formato: Sách
Idioma:Undetermined
Publicado em:  McGraw-Hill education  2020
Assuntos:
Tags: Adicionar Tag
Sem tags, seja o primeiro a adicionar uma tag!
Thư viện lưu trữ: Trung tâm Thư viện - Trường Đại học Công nghiệp TP. Hồ Chí Minh
LEADER 00412nam a2200133Ia 4500
001 UIH_05566
008 231011s9999 xx 000 0 und d
082 |a  658.8 
245 0 |a  International marketing 
260 |b  McGraw-Hill education 
260 |c  2020 
650 |a  Tiếp thị; Marketing;  
927 |a Sách 
980 |a Trung tâm Thư viện - Trường Đại học Công nghiệp TP. Hồ Chí Minh